American States: No Vowels - Statistics

General Stats
  • This quiz has been taken 144 times
  • The average score is 36 of 38
Answer Stats
No Vowels Answer % Correct
FLRD Florida
100%
KNTCK Kentucky
100%
CLFRN California
99%
MRYLND Maryland
99%
MCHGN Michigan
99%
NRTH CRLN North Carolina
99%
TXS Texas
99%
DLWRE Delaware
98%
LLNS Illinois
98%
MSSSSPP Mississippi
98%
NBRSK Nebraska
98%
NW JRSY New Jersey
98%
NW YRK New York
98%
WSHNGTN Washington
98%
LSK Alaska
96%
CLRD Colorado
96%
WYMNG Wyoming
96%
KNSS Kansas
95%
MSSCHSTTS Massachusetts
95%
LBM Alabama
94%
RZN Arizona
94%
CNNCTCT Connecticut
94%
GRG Georgia
94%
MNTN Montana
94%
TNNSS Tennessee
94%
RKNSS Arkansas
93%
MNNST Minnesota
93%
KLHM Oklahoma
93%
HW Hawaii
92%
MSSR Missouri
92%
DH Idaho
89%
H Ohio
89%
MN Maine
88%
RGN Oregon
87%
NDN Indiana
81%
W Iowa
80%
LSN Louisiana
80%
TH Utah
73%
No matching quizzes found
Score Distribution
Percent of People with Each Score
Percentile by Number Answered
Your Score History
You have not taken this quiz